ბათუმის შოთა რუსთაველის სახელმწიფო უნივერსიტეტის ბიბლიოთეკა

ამერიკის საგარეო პოლიტიკა : (ბიბ.ჩანაწერი № 51339)

000 -ლიდერი
ფიქსირებული სიგრძის საკონტროლო ველი 01586nam a2200289Ia 4500
001 - საკონტროლო ნომერი
საკონტროლო ველი 18308
003 - საკონტროლო ნომრის იდენტიფიკატორი
საკონტროლო ველი GE_BSU
005 - ბოლო ოპერაციის თარიღი და დრო
საკონტროლო ველი 20211019152737.0
008 - ფიქსირებული სიგრძის მონაცემთა ელემენტები - ზოგადი ინფორმაცია
ფიქსირებული სიგრძის საკონტროლო ველი 181216s2015||||ge |||||||||||||| ||geo||
020 ## - წიგნის საერთაშორისო სტანდარტული ნომერი
International Standard Book Number 9789941182365
040 ## - კატალოგიზაციის წყარო
Transcribing agency GE_BSU
041 ## - ენის კოდი
Language code of text/sound track or separate title geo
080 ## - უნივერსალური ათობითი კლასიფიკაციის ინდექსი
Universal Decimal Classification number 32(73) ჯ-34
100 ## - მთავარი ჩანაწერი - პიროვნების სახელი
Personal name ჯენტლესონი, ბრუს
9 (RLIN) 12685
245 ## - ცნობა სათაურის შესახებ
Title ამერიკის საგარეო პოლიტიკა :
Remainder of title არჩევნის დინამიკა 21-ე საუკუნეში /
Statement of responsibility, etc ბრუს ჯენტლესონი ; სამეცნ. რედ. დ. აფრასიძე, გ. გვალია ; მთარგმნ. დ. აფრასიძე, ა. მიქაუტაძე და სხვ.
264 ## - წარმოების, გამოცემის, დისტრიბუციის და სხვა ცნობები
გამოცემის, წარმოების, დისტრიბუციის... ადგილი თბილისი :
გამოცემის, წარმოების, დისტრიბუციის... სახელწოდება ილიას სახელმწიფო უნ-ტი,
გამოცემის, წარმოების, დისტრიბუციის... თარიღი 2015.
300 ## - ფიზიკური აღწერა
Extent 887გვ. ;
Dimensions 22 სმ.
501 ## - შენიშვნა თანმხლებ მასალაზე
With note ცნებების განმარტებები გვ. 821-887
653 ## - INDEX TERM--UNCONTROLLED
Uncontrolled term ამერიკის საგარეო პოლიტიკა
653 ## - INDEX TERM--UNCONTROLLED
Uncontrolled term არჩევნის დინამიკა 21-ე საუკუნეში
700 ## - ADDED ENTRY--PERSONAL NAME
Personal name აფრასიძე, დ.
Relator term რედაქტორი
9 (RLIN) 12686
700 ## - ADDED ENTRY--PERSONAL NAME
Personal name გვალია, გ.
Relator term რედაქტორი
9 (RLIN) 12687
700 ## - ADDED ENTRY--PERSONAL NAME
Personal name აფრასიძე, დ.
Relator term მთარგმნელი
9 (RLIN) 12686
700 ## - ADDED ENTRY--PERSONAL NAME
Personal name მიქაუტაძე, ა.
Relator term მთარგმნელი
9 (RLIN) 12688
942 ## - ADDED ENTRY ELEMENTS (KOHA)
Koha item type წიგნი
Source of classification or shelving scheme
ეგზემპლარები
ჩამოწერის სტატუსი დაკარგული ეგზემპლარის სტატუსი კლასიფიკაციის წყარო ან თაროზე გაწყობის სქემა დაზიანების სტატუსი არ გაიცემა მუდმივი მდებარეობა (დაცვის ადგილი) ამჟამინდელი ადგილსამყოფელი თაროზე განთავსების ადგილი შეძენის თარიღი ღირებულება, შესყიდვის ნორმალური ფასი სრული შენახვის შიფრი შტრიხკოდი ბოლო ოპერაციის თარიღი ეგზემპლარის მიმდევრობითი ნომერი (კეტერი?) ფასის ძალაში შესვლის თარიღი ეგზემპლარის სახეობა საჯარო შენიშვნა
          ბათუმის შოთა რუსთაველის სახელმწიფო უნივერსიტეტის მთავარი ბიბლიოთეკა ბათუმის შოთა რუსთაველის სახელმწიფო უნივერსიტეტის მთავარი ბიბლიოთეკა წიგნსაცავი 2018-12-17 21.45 32(73) ჯ-34 46705 2018-12-17 46705 2018-12-17 წიგნი 21.45 ₾.
          ბათუმის შოთა რუსთაველის სახელმწიფო უნივერსიტეტის მთავარი ბიბლიოთეკა ბათუმის შოთა რუსთაველის სახელმწიფო უნივერსიტეტის მთავარი ბიბლიოთეკა წიგნსაცავი 2018-12-17 21.45 32(73) ჯ-34 46706 2018-12-17 46706 2018-12-17 წიგნი 21.45 ₾.
          ბათუმის შოთა რუსთაველის სახელმწიფო უნივერსიტეტის მთავარი ბიბლიოთეკა ბათუმის შოთა რუსთაველის სახელმწიფო უნივერსიტეტის მთავარი ბიბლიოთეკა წიგნსაცავი 2018-12-17 30.00 32(73) ჯ-34 55148 2018-12-17 55148 2018-12-17 წიგნი 30.00 ₾.